000 00375nam a2200145Ia 4500
008 211109s9999||||xx |||||||||||||| ||und||
082 _a894.81204
_bVAS-K
100 _aVasudevan Museth, P K
245 0 _aKattu Pookkal
260 _bP K Brother
_aKozhikode
_c1952
300 _a146p.
630 _xGeneral Stack
650 _aMalayalam Literature
_xGeneralia
942 _cBOOK
999 _c21507
_d21507